00817nam a22002657a 4500003000500000005001700005008004100022010001100063011001100074020001800085035001100103040000900114082002100123110000800144245015100152260002300303300003300326490004000359650002100399650002900420650002100449700001800470700002300488830004000511CHAP20220817044434.0110425s2010 it a rn 00010 eng d a101021 a101993 a9789251066713 a112681 cCHAP04a639.2bF3y v.5502 aFAO10aPost - harvest losses in small - scale fisheries :bcase studies in five sub - Saharan African countriesc/ por Gbola Akande y Yvette Diei - Ouadi aRome :bFAO,c2010 axiii, 72 p. :bilus., tablas 0aDocumento técnico de pescav; 55014aAyuda técnica.14aCosechasxPérdidas de.14aPesca artesanal.1 aAkande, Gbola1 aDiei Ouadi, Yvette00aDocumento técnico de pescav; 550